00559nam a2200169 a 45000010005000000030005000050050017000100080041000270400020000682450120000882460048002082600017002563000017002736500031002906500025003217100043003464372CDMR20131114114243.0130130s1999||||||||||||||||||||||||||||d aCDMRbcatcCDMR 3aEl empleo en el sector de la Comunicación Socialb: evolución 1992-1997cAsociación de Periodistas de Bizkaia aEl empleo en la Comunicaciónb: 1992-1997 aBilbaoc1999 a45 p.c30 cm04aMercat de treballzEspanya04aPeriodisteszEspanya2 aAsociación de Periodistas de Bizkaia